[Event "XXII Festival Conca della Presolana Magistrale"]
[Site "Bratto - Castione della Presolana ITA"]
[Date "2002.08.21"]
[Round "2"]
[White "Podini, Francesco"]
[Black "Piva, Giorgio"]
[Result "1-0"]
[WhiteElo "2054"]
[BlackElo "2135"]
[PlyCount "47"]
[EventDate "2002.08.20"]

1.e4 c5 2.Nc3 Nc6 3.f4 g6 4.Nf3 Bg7 5.Bc4 e6 6.f5 Nge7 7.fxe6 fxe6 8.d3 a6
9.a4 O-O 10.O-O d5 11.exd5 exd5 12.Bb3 Bg4 13.Bg5 Qd7 14.h3 Bxf3 15.Rxf3 
h6 16.Bxe7 Nxe7 17.Qe2 Bd4+ 18.Kh1 Rxf3 19.Qxf3 Bxc3 20.bxc3 Rf8 21.Qe3 
Qc7 22.Qe6+ Rf7 23.Rf1 Nf5 24.Qxg6+ 1-0

[Event "XXII Festival Conca della Presolana Magistrale"]
[Site "Bratto - Castione della Presolana ITA"]
[Date "2002.08.21"]
[Round "2"]
[White "Rosin, Federico"]
[Black "Rebeggiani, Andrea"]
[Result "1-0"]
[WhiteElo "2127"]
[BlackElo "2003"]
[PlyCount "53"]
[EventDate "2002.08.20"]

1.e4 e5 2.Nf3 Nc6 3.d4 exd4 4.Nxd4 Bc5 5.Nxc6 Qf6 6.Qd2 dxc6 7.Bd3 Be6 8.
O-O O-O-O 9.Nc3 Bc4 10.Qe2 Bxd3 11.cxd3 Qd6 12.Be3 Bxe3 13.fxe3 Nh6 14.d4 
f6 15.Na4 Kb8 16.Nc5 b6 17.Na6+ Kb7 18.a4 Qe6 19.a5 Qxe4 20.axb6 cxb6 21.
Nb4 b5 22.Rfc1 Rxd4 23.Nxc6 Rd3 24.Qc2 Qxe3+ 25.Kh1 Kb6 26.Nb4 Rd4 27.Ra6+
1-0

[Event "XXII Festival Conca della Presolana Magistrale"]
[Site "Bratto - Castione della Presolana ITA"]
[Date "2002.08.21"]
[Round "2"]
[White "Salami, Marco"]
[Black "Ricci, Alfredo"]
[Result "1-0"]
[WhiteElo "2206"]
[BlackElo "2067"]
[PlyCount "63"]
[EventDate "2002.08.20"]

1.e4 c5 2.Nf3 e6 3.c3 Nf6 4.e5 Nd5 5.d4 cxd4 6.cxd4 Nc6 7.Bc4 Nb6 8.Bd3 
Be7 9.Nc3 d6 10.exd6 Qxd6 11.O-O h6 12.Qe2 Nd7 13.g3 a6 14.Ne4 Qd5 15.Bc4 
Nxd4 16.Nxd4 Qxd4 17.Rd1 Qa7 18.Be3 Qb8 19.Qg4 Kf8 20.Bf4 e5 21.Qh5 g6 22.
Bxh6+ Ke8 23.Qf3 f5 24.Bg5 b5 25.Bd5 Bb7 26.Bxb7 Bxg5 27.Nxg5 e4 28.Qb3 
Qxb7 29.Qf7+ Kd8 30.Ne6+ Kc8 31.Rac1+ Kb8 32.Rxd7 1-0

[Event "XXII Festival Conca della Presolana Magistrale"]
[Site "Bratto - Castione della Presolana ITA"]
[Date "2002.08.21"]
[Round "2"]
[White "Schuurman, Petra"]
[Black "Dervishi, Erald"]
[Result "0-1"]
[WhiteElo "2272"]
[BlackElo "2523"]
[PlyCount "120"]
[EventDate "2002.08.20"]

1.d4 Nf6 2.c4 e6 3.Nc3 d5 4.cxd5 exd5 5.Bg5 Be7 6.e3 O-O 7.Bd3 Nbd7 8.Qc2 
Re8 9.Nge2 Nf8 10.h3 c6 11.O-O-O b5 12.Kb1 a5 13.g4 a4 14.Ng3 Qa5 15.Nce2 
Bd7 16.Nf5 Bxf5 17.Bxf5 a3 18.b3 g6 19.Bxf6 Bxf6 20.Qxc6 Bh4 21.Bd3 Bxf2 
22.Rhf1 Bxe3 23.Qxd5 Re7 24.Qxb5 Qc7 25.Bc4 Rb8 26.Qc5 Qxc5 27.dxc5 Bxc5 
28.Nf4 Kg7 29.Rde1 Rxe1+ 30.Rxe1 Nd7 31.Nd3 Bd6 32.Rf1 f6 33.Kc2 Rb7 34.
Re1 Ne5 35.Nxe5 Bxe5 36.Kd3 Kh6 37.h4 Rd7+ 38.Kc2 Bg3 39.Rh1 Rd4 40.Be2 f5
41.gxf5 gxf5 42.Rf1 Re4 43.Kd1 f4 44.h5 Kg5 45.Rf3 Kh4 46.b4 Rxb4 47.Rxa3 
Bf2 48.Rb3 Ra4 49.a3 Be3 50.Bf3 Kg3 51.Bc6 Rc4 52.Bb7 Rc5 53.h6 Rh5 54.Ke1
Rxh6 55.Be4 Re6 56.Bxh7 f3 57.Bd3 Rc6 58.Rb1 Rd6 59.Bb5 Bf2+ 60.Kf1 Rh6 
0-1

[Event "XXII Festival Conca della Presolana Magistrale"]
[Site "Bratto - Castione della Presolana ITA"]
[Date "2002.08.21"]
[Round "2"]
[White "Scotti, Umberto"]
[Black "Bellincampi, Stefano"]
[Result "1/2-1/2"]
[WhiteElo "2166"]
[BlackElo "2082"]
[PlyCount "53"]
[EventDate "2002.08.20"]

1.d4 Nf6 2.Nc3 d5 3.Bf4 c6 4.e3 Bf5 5.Bd3 Bxd3 6.Qxd3 e6 7.Nf3 Bd6 8.Bg5 
Nbd7 9.O-O Qc7 10.e4 dxe4 11.Nxe4 Nxe4 12.Qxe4 O-O 13.Rad1 Rfe8 14.Rfe1 
Nf8 15.c3 h6 16.Bc1 Ng6 17.h4 Rad8 18.Qg4 Nf4 19.Bxf4 Bxf4 20.Ne5 Bxe5 21.
Rxe5 Rd5 22.Re3 h5 23.Qf3 Red8 24.Red3 e5 25.dxe5 Rxd3 26.Rxd3 Rxd3 27.
Qxd3 1/2-1/2

[Event "XXII Festival Conca della Presolana Magistrale"]
[Site "Bratto - Castione della Presolana ITA"]
[Date "2002.08.21"]
[Round "2"]
[White "Tirrito, Luca"]
[Black "Ranieri, Fabrizio"]
[Result "0-1"]
[WhiteElo "2081"]
[BlackElo "2161"]
[PlyCount "73"]
[EventDate "2002.08.20"]

1.e4 e6 2.d4 d5 3.e5 c5 4.Nf3 Nc6 5.a3 Qb6 6.Bd3 cxd4 7.b4 Bd7 8.Bf4 Nge7 
9.Nbd2 Ng6 10.Bg3 Be7 11.O-O f5 12.Nb3 O-O 13.Qe2 Rac8 14.h3 a6 15.Rfe1 
Be8 16.Rad1 Nh8 17.Bf4 Bh5 18.Bc1 Ng6 19.Bb2 Ngxe5 20.g4 Nxf3+ 21.Qxf3 
fxg4 22.Qg2 Rf6 23.hxg4 Bg6 24.g5 Rf4 25.Bxg6 hxg6 26.Rxe6 Qd8 27.Bc1 Rf5 
28.f4 Kf7 29.Rde1 Qb6 30.Na5 Bf8 31.Nxc6 Rxc6 32.R6e5 d3+ 33.Kh2 Rxc2 34.
Bd2 Qd4 35.Rxf5+ gxf5 36.Re5 Bd6 37.Rxf5+ 0-1

[Event "XXII Festival Conca della Presolana Magistrale"]
[Site "Bratto - Castione della Presolana ITA"]
[Date "2002.08.21"]
[Round "2"]
[White "Zanellato, Lorenzo"]
[Black "Astengo, Corrado"]
[Result "1/2-1/2"]
[WhiteElo "2048"]
[BlackElo "2195"]
[PlyCount "33"]
[EventDate "2002.08.20"]

1.Nf3 Nf6 2.c4 c6 3.d4 d5 4.Nc3 dxc4 5.a4 Bf5 6.Ne5 e6 7.f3 Bb4 8.e4 Bxe4 
9.fxe4 Nxe4 10.Qf3 Qxd4 11.Qxf7+ Kd8 12.Bg5+ Nxg5 13.Qxg7 Bxc3+ 14.bxc3 
Qxc3+ 15.Ke2 Qc2+ 16.Ke1 Qc3+ 17.Ke2 1/2-1/2

[Event "XXII Festival Conca della Presolana Magistrale"]
[Site "Bratto - Castione della Presolana ITA"]
[Date "2002.08.21"]
[Round "2"]
[White "Zichichi, Alvise"]
[Black "Galli, Fabio"]
[Result "1/2-1/2"]
[WhiteElo "2312"]
[BlackElo "2087"]
[PlyCount "46"]
[EventDate "2002.08.20"]

1.d4 d5 2.Bg5 Nf6 3.Bxf6 exf6 4.e3 Bd6 5.c4 dxc4 6.Bxc4 c5 7.dxc5 Qa5+ 8.
Nd2 Bxc5 9.a3 Bb6 10.Nf3 O-O 11.O-O Nc6 12.b4 Qf5 13.Qb3 Be6 14.Bxe6 Qxe6 
15.Rac1 Rfd8 16.Rc3 Ne5 17.Qxe6 Nxf3+ 18.gxf3 fxe6 19.Nc4 Bc7 20.f4 Rd7 
21.Rfc1 Rad8 22.Nb2 Bd6 23.Na4 Kf7 1/2-1/2

[Event "XXII Festival Conca della Presolana Magistrale"]
[Site "Bratto - Castione della Presolana ITA"]
[Date "2002.08.22"]
[Round "3"]
[White "Antognini, Francesco"]
[Black "Marzano, Carlo"]
[Result "1/2-1/2"]
[WhiteElo "2094"]
[BlackElo "2258"]
[PlyCount "51"]
[EventDate "2002.08.20"]

1.e4 Nc6 2.d4 e5 3.dxe5 Nxe5 4.Nf3 Nxf3+ 5.Qxf3 Qf6 6.Qxf6 Nxf6 7.Bd3 Bb4+
8.c3 Bc5 9.O-O d6 10.Nd2 a6 11.Nb3 Bb6 12.h3 O-O 13.Re1 Re8 14.Be3 Bxe3 
15.Rxe3 b6 16.Rae1 Bb7 17.Nd4 g6 18.Bb1 Nd7 19.Ne2 Re7 20.Nf4 Rae8 21.f3 
d5 22.Kf2 dxe4 23.Bxe4 Bxe4 24.Rxe4 Rxe4 25.Rxe4 Rxe4 26.fxe4 1/2-1/2

[Event "XXII Festival Conca della Presolana Magistrale"]
[Site "Bratto - Castione della Presolana ITA"]
[Date "2002.08.22"]
[Round "3"]
[White "Astengo, Corrado"]
[Black "Bertino, Andrea"]
[Result "1/2-1/2"]
[WhiteElo "2195"]
[BlackElo "1915"]
[PlyCount "46"]
[EventDate "2002.08.20"]

1.e4 c5 2.Nf3 d6 3.d4 cxd4 4.Nxd4 Nf6 5.Nc3 a6 6.Bg5 e6 7.f4 Qb6 8.Nb3 Be7
9.Qf3 Qc7 10.O-O-O Nbd7 11.Bd3 b5 12.Rhe1 Bb7 13.a3 O-O-O 14.Kb1 Nc5 15.
Nd4 Kb8 16.Qg3 Rhg8 17.Nf3 h6 18.Bxf6 Bxf6 19.e5 Bxf3 20.gxf3 Nxd3 21.cxd3
Be7 22.Ne4 d5 23.Rc1 Qb6 1/2-1/2

[Event "XXII Festival Conca della Presolana Magistrale"]
[Site "Bratto - Castione della Presolana ITA"]
[Date "2002.08.22"]
[Round "3"]
[White "Astengo, Marcello"]
[Black "Schuurman, Petra"]
[Result "0-1"]
[WhiteElo "2124"]
[BlackElo "2272"]
[PlyCount "68"]
[EventDate "2002.08.20"]

1.d4 Nf6 2.c4 c5 3.d5 b5 4.cxb5 a6 5.bxa6 g6 6.Nc3 Bxa6 7.g3 d6 8.Bg2 Bg7 
9.Nh3 Nbd7 10.O-O O-O 11.Qc2 Ra7 12.Ng5 Qa8 13.Rb1 Bc4 14.b3 Bxd5 15.Nxd5 
Nxd5 16.a3 e6 17.Rd1 N7b6 18.Rd3 Rxa3 19.Bxa3 Qxa3 20.Qd2 Qb4 21.Rc1 Bh6 
22.f4 Qxd2 23.Rxd2 Bg7 24.Nf3 Nc3 25.Kf1 Nbd5 26.Rd3 Na2 27.Rb1 Nab4 28.
Rd2 Bc3 29.Kf2 Bxd2 30.Nxd2 Ra8 31.e4 Nc3 32.Rf1 Ra2 33.Ke3 d5 34.exd5 
exd5 0-1

[Event "XXII Festival Conca della Presolana Magistrale"]
[Site "Bratto - Castione della Presolana ITA"]
[Date "2002.08.22"]
[Round "3"]
[White "Bellincampi, Stefano"]
[Black "Cugini, Verter"]
[Result "1/2-1/2"]
[WhiteElo "2082"]
[BlackElo "2231"]
[PlyCount "75"]
[EventDate "2002.08.20"]

1.e4 e6 2.d4 d5 3.e5 c5 4.c3 Nc6 5.Be3 Qb6 6.Qd2 cxd4 7.cxd4 Nge7 8.Bd3 
Nb4 9.Be2 Nf5 10.Nf3 a5 11.Nc3 Bd7 12.O-O Be7 13.Rac1 O-O 14.g4 Nxe3 15.
fxe3 f6 16.exf6 Bxf6 17.a3 Nc6 18.Na4 Qd8 19.Nc5 Bc8 20.Rc2 b6 21.Nd3 Bd7 
22.Nf4 Bg5 23.Nh3 Be7 24.Bb5 Ne5 25.Nxe5 Bxb5 26.Rxf8+ Qxf8 27.Qf2 Bd6 28.
Qxf8+ Rxf8 29.Nf4 Re8 30.Kg2 Kf8 31.Rf2 Kg8 32.Kg3 Rc8 33.h4 Bxe5 34.dxe5 
Bd7 35.Ne2 Rc2 36.Nd4 Rc1 37.Rc2 Rxc2 38.Nxc2 1/2-1/2

[Event "XXII Festival Conca della Presolana Magistrale"]
[Site "Bratto - Castione della Presolana ITA"]
[Date "2002.08.22"]
[Round "3"]
[White "Belotti, Bruno"]
[Black "Khenkin, Igor"]
[Result "0-1"]
[WhiteElo "2430"]
[BlackElo "2598"]
[PlyCount "80"]
[EventDate "2002.08.20"]

1.e4 c6 2.d4 d5 3.e5 Bf5 4.c3 e6 5.Be3 Nd7 6.Nd2 f6 7.f4 g5 8.Ngf3 gxf4 9.
Bxf4 Bh6 10.Bg3 Qb6 11.Qb3 Ne7 12.Be2 O-O 13.h3 Bg6 14.Bh2 Nf5 15.Nf1 fxe5
16.Qxb6 axb6 17.Bxe5 c5 18.Bb5 Nxe5 19.dxe5 Rf7 20.Kf2 Raf8 21.Bd3 Nh4 22.
Bxg6 Nxg6 23.Re1 Bf4 24.N1h2 Nxe5 25.Nxe5 Bxe5+ 26.Nf3 Rf5 27.Re2 d4 28.
Rhe1 Bf6 29.cxd4 Bh4+ 30.Kg1 Bxe1 31.Rxe1 cxd4 32.Nxd4 Rd5 33.Re4 e5 34.
Nf3 Rf4 35.Re3 e4 36.Ne1 Rd2 37.g3 Rff2 38.Rxe4 Rfe2 39.Rg4+ Kh8 40.Kh1 
Re3 0-1

[Event "XXII Festival Conca della Presolana Magistrale"]
[Site "Bratto - Castione della Presolana ITA"]
[Date "2002.08.22"]
[Round "3"]
[White "Benincasa, Marco"]
[Black "Tirrito, Luca"]
[Result "0-1"]
[WhiteElo "2030"]
[BlackElo "2081"]
[PlyCount "88"]
[EventDate "2002.08.20"]

1.e4 e5 2.Nf3 d6 3.d4 exd4 4.Nxd4 Nf6 5.Nc3 Be7 6.Bc4 O-O 7.Be3 Ng4 8.O-O 
Nxe3 9.fxe3 Nc6 10.Nf5 Ne5 11.Nxe7+ Qxe7 12.Nd5 Qg5 13.Bd3 c6 14.Nf4 Qh6 
15.Qh5 Qxh5 16.Nxh5 Bg4 17.Ng3 g6 18.h3 Be6 19.Rad1 Nxd3 20.cxd3 Bxa2 21.
Ne2 Be6 22.Nd4 Kg7 23.Ra1 a6 24.Ra4 c5 25.Nf3 Bd7 26.Ra3 Rae8 27.Nd2 Bb5 
28.g4 f5 29.gxf5 gxf5 30.Rf3 fxe4 31.Rg3+ Kh8 32.Nxe4 Re6 33.Rc3 b6 34.b4 
d5 35.Ng5 Ref6 36.Rg4 h6 37.bxc5 bxc5 38.Ne4 dxe4 39.Rxe4 Rg8+ 40.Rg4 
Rxg4+ 41.hxg4 Rf3 42.d4 cxd4 43.Rc8+ Kg7 44.exd4 Rg3+ 0-1

[Event "XXII Festival Conca della Presolana Magistrale"]
[Site "Bratto - Castione della Presolana ITA"]
[Date "2002.08.22"]
[Round "3"]
[White "Berni, Fabrizio"]
[Black "Paoli, Enrico"]
[Result "1-0"]
[WhiteElo "2116"]
[BlackElo "1973"]
[PlyCount "126"]
[EventDate "2002.08.20"]

1.e4 e5 2.Nf3 Nc6 3.Bb5 a6 4.Ba4 Nf6 5.d3 d6 6.c3 Be7 7.Nbd2 O-O 8.Nf1 b5 
9.Bb3 Na5 10.Bc2 c5 11.Ng3 Nc6 12.O-O Rb8 13.h3 b4 14.d4 bxc3 15.bxc3 cxd4
16.cxd4 exd4 17.Nxd4 Nxd4 18.Qxd4 Nd7 19.Rb1 Rxb1 20.Bxb1 Qb6 21.Qd3 Ne5 
22.Qc2 g6 23.Be3 Qc6 24.Qe2 a5 25.Rc1 Qb7 26.f4 Nd7 27.Qd2 Qa8 28.a4 Nc5 
29.Bc2 Rd8 30.Bd4 Qa7 31.Qe3 Bh4 32.Nf1 Be7 33.f5 Bf8 34.fxg6 hxg6 35.Qg5 
Ne6 36.Qxg6+ fxg6 37.Bxa7 Bd7 38.Bb3 Kg7 39.Re1 Ra8 40.Bb6 Ra6 41.Be3 Rc6 
42.Bd5 Rc2 43.Nd2 Be7 44.Nb3 Bf6 45.Rf1 Ra2 46.Nxa5 Rxa4 47.Nc4 Be5 48.Nb6
Ra3 49.Nxd7 Rxe3 50.Nxe5 dxe5 51.Bxe6 Rxe4 52.Rf7+ Kh6 53.Bg4 Kg5 54.Kf2 
Ra4 55.Re7 Ra2+ 56.Kf3 Ra5 57.Ke4 Kh4 58.Rxe5 Ra4+ 59.Kf3 Ra3+ 60.Re3 Ra5 
61.Rc3 Rb5 62.Rd3 Ra5 63.Be6 g5 1-0

[Event "XXII Festival Conca della Presolana Magistrale"]
[Site "Bratto - Castione della Presolana ITA"]
[Date "2002.08.22"]
[Round "3"]
[White "Brancaleoni, Maurizio"]
[Black "Aglietti, Graziano"]
[Result "1-0"]
[WhiteElo "2249"]
[BlackElo "2069"]
[PlyCount "87"]
[EventDate "2002.08.20"]

1.e4 e5 2.Nf3 Nc6 3.Nc3 Nf6 4.g3 d5 5.exd5 Nxd5 6.Bg2 Nxc3 7.bxc3 Bc5 8.
O-O O-O 9.Re1 Qf6 10.h3 Be6 11.Qe2 Rfe8 12.Nxe5 Bc4 13.Nxc4 Rxe2 14.Rxe2 
Rd8 15.Bb2 h5 16.d4 Bd6 17.h4 g5 18.hxg5 Qxg5 19.Re4 f5 20.Bc1 Qg6 21.Rh4 
Be7 22.Rh3 Qe6 23.Ne3 Qg6 24.Rb1 Bg5 25.Rxb7 f4 26.gxf4 Bxf4 27.Rb5 Nxd4 
28.cxd4 Rxd4 29.Rbxh5 Bxe3 30.Bxe3 Rg4 31.Rh8+ Kg7 32.R3h7+ Kf6 33.Rh6 
Rxg2+ 34.Kf1 Rg1+ 35.Ke2 Kf5 36.Rxg6 Rxg6 37.Ra8 Rc6 38.Kd2 Rd6+ 39.Kc1 a6
40.Ra7 Rc6 41.Ra8 Ke4 42.Rh8 Kd5 43.Kd2 Kc4 44.Rh4+ 1-0

[Event "XXII Festival Conca della Presolana Magistrale"]
[Site "Bratto - Castione della Presolana ITA"]
[Date "2002.08.22"]
[Round "3"]
[White "Campanile, Antonio"]
[Black "Zichichi, Alvise"]
[Result "1/2-1/2"]
[WhiteElo "2140"]
[BlackElo "2312"]
[PlyCount "22"]
[EventDate "2002.08.20"]

1.f4 Nf6 2.Nf3 g6 3.g3 b6 4.Bg2 Bb7 5.d3 d5 6.c3 Bg7 7.O-O Nbd7 8.Na3 O-O 
9.Qe1 c5 10.h3 Ne8 11.Qf2 Nd6 1/2-1/2

[Event "XXII Festival Conca della Presolana Magistrale"]
[Site "Bratto - Castione della Presolana ITA"]
[Date "2002.08.22"]
[Round "3"]
[White "Cazzaniga, Walter"]
[Black "Manzoni, Alessandro"]
[Result "1/2-1/2"]
[WhiteElo "2121"]
[BlackElo "2023"]
[PlyCount "85"]
[EventDate "2002.08.20"]

1.d4 d5 2.c4 c6 3.Nf3 Nf6 4.Nc3 e6 5.Bg5 Nbd7 6.cxd5 exd5 7.e3 Be7 8.Bd3 
h6 9.Bh4 Ne4 10.Bxe7 Qxe7 11.Bxe4 dxe4 12.Nd2 f5 13.Qh5+ Qf7 14.Qe2 Nb6 
15.O-O O-O 16.f3 exf3 17.Nxf3 Qh5 18.Qf2 Be6 19.Ne5 Nc4 20.Nxc4 Bxc4 21.
Qf3 Qxf3 22.Rxf3 g6 23.b3 Bd5 24.Nxd5 cxd5 25.Rc1 Rac8 26.Rff1 Rfe8 27.Kf2
Kf7 28.Ke2 Kf6 29.Kd2 b6 30.Rce1 Rc6 31.Rc1 Rec8 32.Rxc6+ Rxc6 33.Rf3 Ke6 
34.Rg3 g5 35.Rf3 a6 36.Rh3 Kf7 37.Rf3 Kg6 38.Rf1 h5 39.Rf2 b5 40.Rf1 a5 
41.g3 Rc7 42.h4 Rc6 43.Kd3 1/2-1/2

[Event "XXII Festival Conca della Presolana Magistrale"]
[Site "Bratto - Castione della Presolana ITA"]
[Date "2002.08.22"]
[Round "3"]
[White "Ceresoli, Luigi"]
[Black "Podini, Francesco"]
[Result "1-0"]
[WhiteElo "2204"]
[BlackElo "2054"]
[PlyCount "63"]
[EventDate "2002.08.20"]

1.e4 c5 2.c3 d6 3.d4 Nf6 4.Bd3 g6 5.Nf3 Bg7 6.O-O Nbd7 7.e5 dxe5 8.dxe5 
Nd5 9.e6 fxe6 10.Ng5 Qb6 11.Bc4 N7f6 12.Re1 h6 13.Nf3 Bd7 14.Ne5 O-O-O 15.
Qe2 Be8 16.Na3 a6 17.Bb3 Qc7 18.Nac4 b5 19.Na3 g5 20.c4 bxc4 21.Bxc4 Rd6 
22.Bxa6+ Kb8 23.Nb5 Bxb5 24.Bxb5 Rf8 25.Nc4 Nb4 26.Nxd6 exd6 27.a3 Nbd5 
28.Bd2 e5 29.b4 Nd7 30.Bxd7 Qxd7 31.bxc5 dxc5 32.Rab1+ 1-0

[Event "XXII Festival Conca della Presolana Magistrale"]
[Site "Bratto - Castione della Presolana ITA"]
[Date "2002.08.22"]
[Round "3"]
[White "Citti, Gianluca"]
[Black "Pienabarca, Nicola"]
[Result "0-1"]
[WhiteElo "2157"]
[BlackElo "2062"]
[PlyCount "102"]
[EventDate "2002.08.20"]

1.Nf3 Nf6 2.g3 b6 3.Bg2 Bb7 4.O-O c5 5.d3 e6 6.e4 d6 7.Nh4 Qc7 8.f4 Be7 9.
Nd2 O-O 10.f5 Nc6 11.fxe6 fxe6 12.Bh3 e5 13.Be6+ Kh8 14.Ndf3 Nd8 15.Ng5 
Bc8 16.Rxf6 gxf6 17.Qh5 fxg5 18.Ng6+ Kg7 19.Nxf8 Bxe6 20.Nxh7 Bf7 21.Qh3 
Qc8 22.Qxc8 Rxc8 23.Nxg5 Bxg5 24.Bxg5 Ne6 25.Be7 Rc6 26.Rf1 Nf8 27.h4 Nh7 
28.g4 d5 29.exd5 Bxd5 30.Rf5 Re6 31.Bd8 Bxa2 32.Bc7 Bb1 33.Rxe5 Rxe5 34.
Bxe5+ Kg6 35.c3 Nf6 36.d4 c4 37.h5+ Kg5 38.h6 Nxg4 39.Bb8 a6 40.Bc7 b5 41.
d5 Nxh6 42.d6 Bf5 43.Kf2 Ng4+ 44.Kf3 Ne5+ 45.Ke3 Nc6 46.d7 Bxd7 47.Ke4 Be6
48.Bb6 Kf6 49.Bc5 Kf7 50.Kf4 Ke8 51.Kg5 Ne5 0-1

[Event "XXII Festival Conca della Presolana Magistrale"]
[Site "Bratto - Castione della Presolana ITA"]
[Date "2002.08.22"]
[Round "3"]
[White "Contin, Daniel"]
[Black "Agnelli, Francesco"]
[Result "1-0"]
[WhiteElo "2334"]
[BlackElo "2146"]
[PlyCount "73"]
[EventDate "2002.08.20"]

1.e4 c5 2.Nf3 Nc6 3.Bb5 e6 4.O-O Nge7 5.Re1 a6 6.Bf1 d5 7.exd5 Nxd5 8.d4 
Nf6 9.c3 Be7 10.Be3 Nd5 11.Bd2 O-O 12.dxc5 Bxc5 13.b4 Be7 14.Na3 b5 15.Qb3
Bb7 16.c4 bxc4 17.Nxc4 Bf6 18.Rab1 Nd4 19.Nxd4 Bxd4 20.Na5 Qb6 21.Qg3 Rab8
22.Nxb7 Rxb7 23.Rb3 Rc8 24.Bd3 Rbc7 25.Rf1 f5 26.Qf3 Qd6 27.a3 Rf7 28.Qe2 
Nf6 29.g3 Qd5 30.Bxa6 Rc2 31.Qd3 Rfc7 32.Be3 Bxe3 33.Qxe3 Ng4 34.Qd3 Nxf2 
35.Rxf2 Rc1+ 36.Rf1 Rxf1+ 37.Kxf1 1-0

[Event "XXII Festival Conca della Presolana Magistrale"]
[Site "Bratto - Castione della Presolana ITA"]
[Date "2002.08.22"]
[Round "3"]
[White "Del Rio Angelis, Salvador Gabriel"]
[Black "Bellia, Fabrizio"]
[Result "1/2-1/2"]
[WhiteElo "2504"]
[BlackElo "2412"]
[PlyCount "55"]
[EventDate "2002.08.20"]

1.e4 c6 2.Nf3 d5 3.Nc3 dxe4 4.Nxe4 Nf6 5.Nxf6+ exf6 6.d4 Bd6 7.Be2 O-O 8.
O-O Re8 9.Be3 Nd7 10.c4 Nf8 11.Qd2 Ng6 12.Rfe1 f5 13.Bg5 Qc7 14.c5 Bf4 15.
Bxf4 Nxf4 16.Bc4 Rxe1+ 17.Rxe1 Be6 18.Bxe6 Nxe6 19.d5 cxd5 20.Qxd5 Rd8 21.
Qxf5 Qxc5 22.Ne5 Qc7 23.h4 Rd2 24.Nf3 Rd8 25.h5 h6 26.g3 b6 27.Qe4 a5 28.
Ne5 1/2-1/2

[Event "XXII Festival Conca della Presolana Magistrale"]
[Site "Bratto - Castione della Presolana ITA"]
[Date "2002.08.22"]
[Round "3"]
[White "Dervishi, Erald"]
[Black "Borgo, Giulio"]
[Result "1/2-1/2"]
[WhiteElo "2523"]
[BlackElo "2420"]
[PlyCount "82"]
[EventDate "2002.08.20"]

1.e4 c5 2.Nf3 e6 3.d4 cxd4 4.Nxd4 Nf6 5.Nc3 d6 6.Be2 a6 7.a4 Nc6 8.Be3 Bd7
9.Nb3 Na5 10.Nxa5 Qxa5 11.O-O Bc6 12.Bd3 Be7 13.f4 O-O 14.Qe1 Kh8 15.Kh1 
Rac8 16.Qg3 d5 17.exd5 Nxd5 18.Bd4 Bf6 19.Qh3 g6 20.Bxf6+ Nxf6 21.Rae1 Kg7
22.Qg3 Qb4 23.f5 exf5 24.Rxf5 Qg4 25.Rg5 Qxg3 26.Rxg3 Rfe8 27.Rge3 Rxe3 
28.Rxe3 Ng4 29.Re2 f5 30.h3 Nf6 31.Kg1 Rc7 32.Kf2 Nh5 33.Re1 Nf4 34.Bf1 
Kf6 35.Rd1 Ke5 36.g3 Nd5 37.Nxd5 Bxd5 38.c3 g5 39.Re1+ Kf6 40.Rd1 Bc6 41.
Rd4 a5 1/2-1/2

[Event "XXII Festival Conca della Presolana Magistrale"]
[Site "Bratto - Castione della Presolana ITA"]
[Date "2002.08.22"]
[Round "3"]
[White "Di Paolo, Raffaele"]
[Black "Rosin, Federico"]
[Result "1-0"]
[WhiteElo "2319"]
[BlackElo "2127"]
[PlyCount "67"]
[EventDate "2002.08.20"]

1.e4 c5 2.Nf3 e6 3.d4 cxd4 4.Nxd4 Nf6 5.Nc3 Nc6 6.Ndb5 Bb4 7.a3 Bxc3+ 8.
Nxc3 d5 9.exd5 exd5 10.Bg5 O-O 11.Bd3 d4 12.Ne4 Qa5+ 13.b4 Qe5 14.Bxf6 
gxf6 15.O-O Bf5 16.Re1 Bg6 17.Qf3 Kg7 18.b5 Nd8 19.Ng3 Qg5 20.Nf5+ Bxf5 
21.Bxf5 a6 22.Re4 h5 23.h4 Qh6 24.bxa6 Rxa6 25.Rxd4 Nc6 26.Qg3+ Kh8 27.Qf4
Qxf4 28.Rxf4 Rfa8 29.Bd3 Rxa3 30.Rxa3 Rxa3 31.Rxf6 Ne5 32.Rf5 Nxd3 33.cxd3
Rxd3 34.Rxf7 1-0

[Event "XXII Festival Conca della Presolana Magistrale"]
[Site "Bratto - Castione della Presolana ITA"]
[Date "2002.08.22"]
[Round "3"]
[White "Drazic, Sinisa"]
[Black "Mantovani, Renzo"]
[Result "1-0"]
[WhiteElo "2486"]
[BlackElo "2369"]
[PlyCount "81"]
[EventDate "2002.08.20"]

1.e4 c5 2.Nf3 d6 3.d4 cxd4 4.Nxd4 Nf6 5.Nc3 Nc6 6.Bg5 e6 7.Qd2 Be7 8.O-O-O
Nxd4 9.Qxd4 O-O 10.f3 a6 11.h4 b5 12.Kb1 Bb7 13.g4 Qc7 14.Be3 Rfc8 15.g5 
Nd7 16.h5 b4 17.h6 gxh6 18.gxh6 Bf6 19.Rg1+ Kf8 20.Qxb4 Rab8 21.Rxd6 Be7 
22.Qd4 e5 23.Rxd7 exd4 24.Rxc7 dxe3 25.Rxc8+ Rxc8 26.Bd3 Rc5 27.Nd1 Rh5 
28.Re1 Bg5 29.a3 Rh3 30.Nxe3 Rxf3 31.Nf5 Rh3 32.Rf1 Bxh6 33.Nd6 Bc6 34.
Rxf7+ Kg8 35.Bc4 Kh8 36.Rc7 Rh1+ 37.Ka2 Bb5 38.Nxb5 axb5 39.Bxb5 Bf4 40.
Rf7 Be5 41.Bd7 1-0

[Event "XXII Festival Conca della Presolana Magistrale"]
[Site "Bratto - Castione della Presolana ITA"]
[Date "2002.08.22"]
[Round "3"]
[White "Epishin, Vladimir V."]
[Black "Skembris, Spyridon"]
[Result "1/2-1/2"]
[WhiteElo "2643"]
[BlackElo "2431"]
[PlyCount "110"]
[EventDate "2002.08.20"]

1.d4 d5 2.c4 c6 3.Nc3 Nf6 4.e3 g6 5.Nf3 Bg7 6.Be2 O-O 7.O-O Nbd7 8.a4 Nb6 
9.cxd5 Nbxd5 10.Bd2 a5 11.h3 Bf5 12.Bc4 Nb4 13.Qe2 Ne4 14.Nxe4 Bxe4 15.
Rfd1 Qb6 16.Bc3 Bxf3 17.Qxf3 Rad8 18.Rd2 e6 19.Qe2 Rd7 20.Rad1 Rfd8 21.g3 
h5 22.h4 Rd6 23.b3 Nd5 24.Bb2 Nb4 25.Ba3 c5 26.Bxb4 axb4 27.d5 Bc3 28.Rd3 
exd5 29.Rxd5 Rxd5 30.Rxd5 Rxd5 31.Bxd5 Qc7 32.Qb5 b6 33.Qe8+ Kg7 34.f4 Bf6
35.Kf2 Qe7 36.Qc6 Qd8 37.Ke2 Bc3 38.e4 Qf6 39.Qd7 Kf8 40.e5 Qe7 41.Qc6 Kg7
42.Kd1 c4 43.Bxc4 Bd4 44.Ke2 f6 45.e6 f5 46.Qd5 Bc5 47.Qd7 Kf8 48.Kf1 Qf6 
49.Qc8+ Kg7 50.Bd5 Qa1+ 51.Kg2 Qb2+ 52.Kh3 Qe2 53.Bg2 Bg1 54.Qb7+ Kh6 55.
Qf3 Qxe6 1/2-1/2

[Event "XXII Festival Conca della Presolana Magistrale"]
[Site "Bratto - Castione della Presolana ITA"]
[Date "2002.08.22"]
[Round "3"]
[White "Fuggetta, Leonardo"]
[Black "Bonanno, Alessandro"]
[Result "1/2-1/2"]
[WhiteElo "2051"]
[BlackElo "2094"]
[PlyCount "38"]
[EventDate "2002.08.20"]

1.c4 Nf6 2.g3 g6 3.Bg2 Bg7 4.Nc3 O-O 5.e4 d6 6.Nge2 e5 7.O-O Nc6 8.f4 exf4
9.gxf4 Bg4 10.d4 Re8 11.e5 Nh5 12.Be3 Qd7 13.Qd2 a5 14.Ne4 Bh3 15.N4g3 
Bxg2 16.Kxg2 Nxg3 17.hxg3 Qf5 18.Nc3 Rad8 19.Rad1 Qg4 1/2-1/2

[Event "XXII Festival Conca della Presolana Magistrale"]
[Site "Bratto - Castione della Presolana ITA"]
[Date "2002.08.22"]
[Round "3"]
[White "Galli, Fabio"]
[Black "Cacco, Christian"]
[Result "0-1"]
[WhiteElo "2087"]
[BlackElo "2248"]
[PlyCount "64"]
[EventDate "2002.08.20"]

1.e4 g6 2.d4 Bg7 3.Nf3 d6 4.c4 Nf6 5.Nc3 O-O 6.Be2 Na6 7.O-O c5 8.d5 Nc7 
9.Bg5 h6 10.Bd2 Bd7 11.Ne1 e5 12.f4 exf4 13.Bxf4 Nfe8 14.Bg4 b5 15.Bxd7 
Qxd7 16.Qd3 Rb8 17.cxb5 Nxb5 18.Nf3 Nec7 19.e5 Qg4 20.Bg3 c4 21.Qd2 Nxc3 
22.bxc3 Rb5 23.exd6 Rxd5 24.dxc7 Rxd2 25.Nxd2 Bxc3 26.Rad1 Ba5 27.Nf3 Qc8 
28.Rd8 Rxd8 29.cxd8=Q+ Qxd8 30.Ne5 f6 31.Nxg6 Bb6+ 32.Kh1 Qd3 0-1

[Event "XXII Festival Conca della Presolana Magistrale"]
[Site "Bratto - Castione della Presolana ITA"]
[Date "2002.08.22"]
[Round "3"]
[White "Griffa, Roberto"]
[Black "Bertazzo, Giorgio"]
[Result "1-0"]
[WhiteElo "2080"]
[BlackElo "2158"]
[PlyCount "39"]
[EventDate "2002.08.20"]

1.d4 d5 2.c4 dxc4 3.Nf3 Nf6 4.e3 e6 5.Bxc4 a6 6.O-O c5 7.a4 Nc6 8.Nc3 Be7 
9.Qe2 cxd4 10.Rd1 O-O 11.exd4 Nb4 12.Bg5 Bd7 13.d5 exd5 14.Nxd5 Nfxd5 15.
Bxe7 Nxe7 16.Ne5 Ned5 17.Bxd5 Qc7 18.Bxf7+ Rxf7 19.Nxf7 Kxf7 20.Qf3+ 1-0